Strachan and Henshaw Ltd v Stein Industrie (UK) Ltd (Record no. 52155)
[ view plain ]
| 000 -LEADER | |
|---|---|
| fixed length control field | 01333cab a2200241 4500 |
| 001 - CONTROL NUMBER | |
| control field | ABS58013 |
| 008 - FIXED-LENGTH DATA ELEMENTS--GENERAL INFORMATION | |
| fixed length control field | 090401t1997 xxu||||| |||| 00| 0 eng d |
| 035 ## - SYSTEM CONTROL NUMBER | |
| System control number | (Sirsi) u82583 |
| 041 ## - LANGUAGE CODE | |
| Language code of text/sound track or separate title | eng |
| 245 ## - TITLE STATEMENT | |
| Title | Strachan and Henshaw Ltd v Stein Industrie (UK) Ltd |
| 260 ## - PUBLICATION, DISTRIBUTION, ETC. | |
| Date of publication, distribution, etc. | 1997 |
| 350 ## - PRICE (NR) (BK AM CF MU VM SE) [OBSOLETE] | |
| Price | 0 |
| 490 ## - SERIES STATEMENT | |
| Series statement | Construction Law Journal |
| Volume/sequential designation | [1997] 13 Const.L.J. 418-438(21) |
| 520 ## - SUMMARY, ETC. | |
| Summary, etc. | QBD 20 November 1996. Plaintiff sub-contractor H claimed monies for `walking time` of operatives between the site works and cabins situated half a mile away. H claimed that it had contracted with I on the basis that such cabins would be close to the working area. In an interim award limited to liability the arbitrator dismissed H`s claim. H applied for award to be set aside or remitted on grounds that the arbitrator had misconducted himself or the proceedings in making findings on matters not pleaded or put in issue by either party and based on findings of fact where there was no evidence. "Held" Parts of the award either to be set aside or remitted. |
| 650 ## - SUBJECT ADDED ENTRY--TOPICAL TERM | |
| Topical term or geographic name entry element | ARBITRATION ACT 1950 |
| 650 ## - SUBJECT ADDED ENTRY--TOPICAL TERM | |
| Topical term or geographic name entry element | ARBITRATORS' MISCONDUCT |
| 650 ## - SUBJECT ADDED ENTRY--TOPICAL TERM | |
| Topical term or geographic name entry element | BREACH OF CONTRACT |
| 650 ## - SUBJECT ADDED ENTRY--TOPICAL TERM | |
| Topical term or geographic name entry element | MISREPRESENTATION |
| 650 ## - SUBJECT ADDED ENTRY--TOPICAL TERM | |
| Topical term or geographic name entry element | STRACHAN AND HENSHAW LTD V STEIN INDUSTRIE (UK) LTD |
| 690 ## - LOCAL SUBJECT ADDED ENTRY--TOPICAL TERM (OCLC, RLIN) | |
| Topical term or geographic name as entry element | ARBITRATION-CASE LAW |
| 942 ## - ADDED ENTRY ELEMENTS (KOHA) | |
| Suppress in OPAC | 0 |
| 948 ## - LOCAL PROCESSING INFORMATION (OCLC); SERIES PART DESIGNATOR (RLIN) | |
| c (OCLC) | 10/12/1997 |
| Withdrawn status | Lost status | Source of classification or shelving scheme | Damaged status | Not for loan | Home library | Current library | Shelving location | Date acquired | Total Checkouts | Full call number | Barcode | Date last seen | Copy number | Price effective from | Koha item type |
|---|---|---|---|---|---|---|---|---|---|---|---|---|---|---|---|
| Dewey Decimal Classification | London | London | Journal article | 14/09/1999 | ABS58013 | 82583-1001 | 06/08/2019 | 1 | 06/08/2019 | Law report |